Berühmte Persönlichkeiten 4 - Statistiken

Allgemein
  • Dieses Quiz wurde 269 mal gespielt
  • Das Durchschnittsergebnis liegt bei 6 aus 13
Antwortstatistiken
Beschreibung Name % Korrekt
britischer Sänger, erfolgreichste Single "Shape of You", heller Teint und rötliches Haar Ed Sheeran
95%
ehemalige First-Lady der USA, lernte in einer Anwaltskanzlei ihren späteren Mann und Präsidenten kennen, veröffentlichte 2018 ihre Memoiren Michelle Obama
79%
US-amerikanische Pop-Rock-Sängerin, Undercut, Künstlername lautet wie die Bezeichnung einer Farbe, bekannte Lieder: What About Us, Just Give Me a Reason Pink
72%
dunkelhäutiger US-Schauspieler sowie zweifacher Oscar-Preisträger, Hauptstadt der USA, bekannte Rollen in: The Equalizer, American Gangster, Flight Denzel Washington
67%
populärer ehemaliger Ministerpräsident Italiens, gründete 1993 die Partei "Forza Italia", wurde 2013 wegen Steuerbetrugs rechtskräftig verurteilt, Bunga-Bunga-Partys Silvio Berlusconi
55%
war von 2008 bis 2016 Londoner Bürgermeister, Stand Juni 2022 britischer Premierminister, Nachfolger von Theresa May, verstieß im Zuge der Partygate-Affäre mehrfach gegen Corona-Auflagen und wurde dadurch zum ersten britischen Premier, dem während seiner Amtszeit ein Gesetzesbruch nachgewiesen werden konnte Boris Johnson
53%
deutsche Journalistin und eine der bekanntesten Feministinnen Europas, Gründung der Zeitschrift "Emma", prägte den Begriff "Zwangsheterosexualität" Alice Schwarzer
49%
der erste Milliardär (1839-1937) der Weltgeschichte, war Mitgründer einer Erdölraffinerie, aus der 1870 die Standard Oil Company hervorging, ein berühmtes Gebäude in New York ist unter seinem Namen bekannt John D. Rockefeller
41%
Entführungsfall in Österreich, der zu einem weltweiten Medienecho führte: die Gesuchte wurde 1998 als zehnjähriges Kind in Wien gekidnappt, 2006 gelang der mittlerweile 18-Jährigen die Flucht, die Geschichte der Frau wurde bereits verfilmt --> Filmtitel: 3096 Tage Natascha Kampusch
40%
langjähriger Führer der Sturmabteilung (SA), die paramilitärische Kampforganisation der NSDAP, Hitler ließ ihn im Zuge eines Putsches 1934 ermorden Ernst Röhm
22%
wurde in Budapest geboren, deutsche Nationalspielerin, dreifache Fußballerin des Jahres Deutschlands, spielte bereits für 1. FFC Frankfurt sowie Olympique Lyon Dzsenifer Marozsan
11%
2017 verstorbene Ärztin für Pädiatrie an der Kinderklinik der Charité in Ost-Berlin, zählte zu den renommiertesten Kinderärzten ihrer Zeit, wurde von der Universität Hamburg im Alter von 102 Jahren nachträglich promoviert, nachdem ihr diese 77 Jahre zuvor als "jüdischem Mischling" die Teilnahme an der mündlichen Doktorprüfung verweigert hatte Ingeborg Rapoport
2%
Politiker und Führungskader innerhalb der rechtsextremen Szene Deutschlands, war von 2006 bis 2016 Abgeordneter der NPD im Landtag Mecklenburg-Vorpommern, wegen Volksverhetzung und Holocaustleugnung mehrfach rechtskräftig verurteilt Udo Pastörs
2%
Keine übereinstimmenden Quizze gefunden
Verteilung der Resultate
Anzahl Personen mit jedem Resultat
Perzentil nach korrekt beantworteten Fragen
Ihre Resultats-Entwicklung
Sie haben dieses Quiz noch nicht gespielt